|
|
|
|
| LEADER |
00000nab a2200000 a 4500 |
| 001 |
vtls000525297 |
| 003 |
SK-MaSNL |
| 005 |
20260305023152.0 |
| 008 |
250426c1994 xo 0 slo |
| 015 |
|
|
|a SNBRB19rr/mm-uuuuu
|
| 035 |
|
|
|a CL0525435
|
| 035 |
|
|
|a urn:nbn:sk:snk-abf2dq
|
| 035 |
|
|
|a (urnnbn)urn:nbn:sk:snk:ar-0059a5
|
| 035 |
|
|
|a (uuid)181c9b8d-5fee-43a1-9822-b302d988ad6f
|
| 040 |
|
|
|a SNKBUCL
|b slo
|c SNKBUCL
|e AACR2
|
| 041 |
0 |
|
|a slo
|
| 044 |
|
|
|a xo
|c SK
|
| 080 |
|
|
|a 82(091):885.4"17"
|2 1981
|
| 080 |
|
|
|a 885.4(091)"17"
|2 1981
|
| 080 |
|
|
|a 82:929:885.4
|2 1981
|
| 080 |
|
|
|a 929 Hruškovic, Samuel
|2 1981
|
| 100 |
1 |
|
|a Brtáňová, Erika,
|d 1962-
|4 aut
|9 192593
|
| 245 |
1 |
0 |
|a Príspevok k biografii Samuela Hruškovica
|c Erika Brtáňová
|
| 300 |
|
|
|b Lit. v pozn.
|
| 600 |
1 |
7 |
|a Rudinec, Juraj
|d 1721-1772
|x výpisy z matrík
|2 snkbucl
|9 1601185
|
| 655 |
|
7 |
|a články z novín a časopisov
|2 snkbucl
|9 267496
|
| 655 |
|
7 |
|a články z odboru literárna veda a krásna literatúra
|2 snkbucl
|9 770045
|
| 700 |
1 |
|
|a Hruškovic, Samuel,
|d 1694-1748
|4 aut
|9 264466
|
| 773 |
0 |
|
|t Slovenská literatúra
|g Roč. 41, č. 4 (1994), s. 300-303
|
| 850 |
|
|
|a Slovenská národná knižnica
|
| 852 |
|
|
|a Slovenská národná knižnica
|
| 954 |
|
|
|a odborná, vedecká literatúra pôvodná (slovenská)
|2 lita
|
| 958 |
|
|
|a article27
|
| 958 |
|
|
|a BX
|
| 958 |
|
|
|a RK
|
| 958 |
|
|
|a LX
|
| 958 |
|
|
|a OND
|
| 958 |
|
|
|a EUIPO
|
| 992 |
|
|
|a RBX
|
| 999 |
|
|
|c 3294968
|d 3296898
|